| 000 | 00518nam a2200169Ia 4500 | ||
|---|---|---|---|
| 005 | 20230502142048.0 | ||
| 008 | 131103s9999 xx 000 0 und d | ||
| 040 | _aLoreto College | ||
| 041 | _aEnglish | ||
| 082 |
_a823.8 _bDIC-MAU |
||
| 100 | _aMaurois,Andre | ||
| 245 |
_aDenkins _b an invaluable critical biography illuminating the complex relationships between Dickens and hid work _cAndre Maurois |
||
| 260 |
_aNew York _bFrederick Ungar Pub. _c1967 |
||
| 300 | _aviii,183 p. | ||
| 850 | _aLCLIB | ||
| 942 | _cBK | ||
| 999 |
_c5215 _d55694 |
||